000 00575nam a22001697a 4500
003 NUST
038 _aNusrat Nadeem
082 _a200
100 _aNoor, Mah
_9120122
245 _aAnti-Americanism and Social Media Mobilization- Imran Khan’s Political Campaign Proceeding Ouster as Prime Minister/
_cMah Noor
264 _aIslamabad,
_bS3H NUST,
_c2023.
300 _aill:
_b54,p:
_c30,cm.
650 _aMS-Mass Communication
_9114380
700 _aSupervisor: Dr. Najma Sadiq
_9120077
856 _uhttp://10.250.8.41:8080/xmlui/handle/123456789/39679
942 _2ddc
_cSC
999 _c611311
_d611311